Project management for engineers / (Record no. 530)

MARC details
000 -LEADER
fixed length control field 00859cam a2200265 i 4500
001 - CONTROL NUMBER
control field 17802476
003 - CONTROL NUMBER IDENTIFIER
control field OSt
005 - DATE AND TIME OF LATEST TRANSACTION
control field 20250420134814.0
008 - FIXED-LENGTH DATA ELEMENTS--GENERAL INFORMATION
fixed length control field 130705s2014 njua b 001 0 eng
010 ## - LIBRARY OF CONGRESS CONTROL NUMBER
LC control number 2013023791
020 ## - INTERNATIONAL STANDARD BOOK NUMBER
International Standard Book Number 9789814447928 (hardcover : alk. paper)
040 ## - CATALOGING SOURCE
Original cataloging agency DLC
Language of cataloging eng
Transcribing agency KCST
042 ## - AUTHENTICATION CODE
Authentication code pcc
050 00 - LIBRARY OF CONGRESS CALL NUMBER
Classification number T56.8
Item number .B458 2014
082 00 - DEWEY DECIMAL CLASSIFICATION NUMBER
Classification number 658.40402
Edition information 23
Item number Be Pr
100 1# - MAIN ENTRY--PERSONAL NAME
Personal name Bennett, J. Michael.
9 (RLIN) 4847
245 10 - TITLE STATEMENT
Title Project management for engineers /
Statement of responsibility, etc. J. Michael Bennett, [University of Ontario, Canada], Danny S.K. Ho, [NFA Estimation Inc., Canada].
260 ## - PUBLICATION, DISTRIBUTION, ETC.
Place of publication, distribution, etc. New Jersey :
Name of publisher, distributor, etc. World Scientific,
Date of publication, distribution, etc. 2014.
300 ## - PHYSICAL DESCRIPTION
Extent xxvii, 379 pages :
Other physical details illustrations ;
Dimensions 24 cm
504 ## - BIBLIOGRAPHY, ETC. NOTE
Bibliography, etc. note Includes bibliographical references and index.
650 #0 - SUBJECT ADDED ENTRY--TOPICAL TERM
Topical term or geographic name entry element Project management.
9 (RLIN) 33
700 1# - ADDED ENTRY--PERSONAL NAME
Personal name Ho, Danny.
9 (RLIN) 4848
942 ## - ADDED ENTRY ELEMENTS (KOHA)
Koha item type Book
942 ## - ADDED ENTRY ELEMENTS (KOHA)
Source of classification or shelving scheme Dewey Decimal Classification
Holdings
Withdrawn status Lost status Source of classification or shelving scheme Damaged status Not for loan Home library Current library Date acquired Cost, normal purchase price Total checkouts Full call number Barcode Date last seen Price effective from Koha item type
    Dewey Decimal Classification     KCST Library KCST Library 29/07/2020 37.52   658.40402 Be Pr 1000000490 29/07/2020 29/07/2020 Book
© 2025 KCST. All rights reserved